| 000 | 00737nam a22002537a 4500 | ||
|---|---|---|---|
| 003 | UA-OsUOA | ||
| 001 | 77367 | ||
| 007 | ta | ||
| 008 | 20110908b un ||||| |||| 00| 0 ukr d | ||
| 100 | _aДанилин В.И. | ||
| 700 | _aРеутов С.И. | ||
| 090 |
_a347.61/64 _bД18 |
||
| 942 | _cBK | ||
| 040 |
_aUA-OsUOA _brus _cUA-OsUOA _dUA-OsUOA |
||
| 245 | _aЮридические факты в советском семейном праве | ||
| 300 | _a156 с. | ||
| 955 | _a2 | ||
| 041 | _arus | ||
| 080 | _a347.61/64 | ||
| 020 | _a5-7525-0032-х | ||
| 260 |
_aСверловск _bИзд-во Урал. ун-та _c1989 |
||
| 650 | 7 |
_a347 Цивільне право. Судовий устрій _2UDC |
|
| 999 |
_c363665 _d363665 |
||